Acronymes et sigles aléatoires - Statistiques

Statistiques générales
  • Ce quiz a été pris 7 894 fois
  • Le résultat moyen est 7 sur 15
Statistiques - réponses
Acronyme Indice Réponse % Correct
JO Sport Jeux Olympiques
92%
MDR Hahaha ! Mort de rire
91%
SDF Logement Sans domicile fixe
91%
TGV Transports Train à Grande Vitesse
90%
UE Politique Union européenne
89%
VTT Cyclisme Vélo tout-terrain
89%
IDF Région Île-de-France
87%
PIB Économie Produit Intérieur Brut
86%
COD Grammaire Complément d'objet direct
84%
RDC Pays République démocratique du Congo
84%
FFF Sport Fédération française de football
83%
FAQ Internet Foire aux questions / Frequently asked questions
83%
OVNI Ufologie Objet volant non identifié
83%
QI Test psychométrique Quotient intellectuel
83%
RN Politique Rassemblement National
83%
VF Cinéma Version française
83%
MAJ Internet/informatique Mise à jour
82%
COI Grammaire Complément d'objet indirect
81%
PS Politique Parti Socialiste
81%
CDD Droit du travail Contrat à durée déterminée
79%
CDI Droit du travail Contrat à durée indéterminée
78%
VOST Cinéma Version originale sous-titrée
76%
ONU Relations internationales Organisation des Nations unies
75%
LFI Politique La France Insoumise
73%
PME Entreprise Petite ou moyenne entreprise
72%
PACA Région Provence-Alpes-Côte d'Azur
71%
PDG Entreprise Président-directeur général
69%
TTC Finance/économie Toutes taxes comprises
69%
CQFD Mathématiques Ce qu'il fallait démontrer
67%
DNB Collège/épreuves Diplôme national du brevet
67%
OGM Agroalimentaire Organisme génétiquement modifié
67%
IVG Médecine Interruption volontaire de grossesse
66%
OMS Relations internationales Organisation mondiale de la santé
66%
DROM Territoires Département et région d’outre-mer
64%
ONG Associations Organisation non gouvernementale
64%
PCF Politique Parti communiste français
62%
PMR Handicap Personne à Mobilité Réduite
61%
TVA Impôt Taxe sur la valeur ajoutée
61%
AOP Agroalimentaire Appellation d'origine protégée
60%
EDF Énergie Électricité de France
59%
LGBT Sexualité/genres Lesbiennes, gays, bisexuels et transgenres
59%
HLM Logement Habitation à loyer modéré
57%
SPA Association Société protectrice des animaux
57%
IDH Démographie Indice de développement humain
56%
PMA Procréation Procréation médicalement assistée
56%
SNCF Transports Société nationale des chemins de fer français
56%
CNRS Recherche Centre national de la recherche scientifique
55%
BTS Enseignement supérieur Brevet de technicien supérieur
54%
TIG Droit pénal Travail d'intérêt général
51%
OTAN Militaire Organisation du traité de l'Atlantique nord
50%
FO Syndicat Force ouvrière
49%
AOC Agroalimentaire Appellation d'origine contrôlée
48%
BCE Finance Banque centrale européenne
47%
EELV Politique Europe Écologie Les Verts
47%
BTP Construction Bâtiment et travaux publics
45%
FMI Économie Fonds monétaire international
45%
URSS Histoire Union des républiques socialistes soviétiques
45%
RIB Finance Relevé d'identité bancaire
44%
IUT Enseignement supérieur Institut universitaire de technologie
43%
RPC Pays République populaire de Chine
43%
BAC Police française Brigade anti-criminalité
40%
FIFA Sport Fédération internationale de football association
40%
INA Média Institut national de l'audiovisuel
39%
CIO Sport Comité international olympique
37%
ADN Molécule Acide désoxyribonucléique
36%
DUT Enseignement supérieur Diplôme universitaire de technologie
36%
MSF Association/santé Médecins sans frontières
36%
OPEP Énergie Organisation des pays exportateurs de pétrole
35%
RER Transports Réseau express régional
35%
SARL Entreprise Société à responsabilité limitée
33%
SSI Astronautique Station spatiale internationale
32%
CGV Commerce Conditions générales de vente
31%
RSA Prestation sociale Revenu de solidarité active
31%
RNB Économie Revenu national brut
29%
CDI Enseignement Centre de documentation et d’information
26%
RMC Média Radio Monte-Carlo
26%
RTL Média Radio Télévision Luxembourg
26%
SAMU Secours Service d'aide médicale urgente
24%
TNT Télédiffusion Télévision numérique terrestre
23%
SMIC Économie Salaire minimum interprofessionnel de croissance
21%
SIDA Santé Syndrome d’immunodéficience acquise
20%
INSEE Statistiques Institut national de la statistique et des études économiques
16%
VIH Santé Virus de l'immunodéficience humaine
16%
IGN Géographie/Forêts Institut géographique national
15%
ULM Aéronautique Ultra-léger motorisé
15%
CGT Syndicat Confédération générale du travail
14%
CRS Police Compagnies républicaines de sécurité
13%
BAFA Éducation Brevet d’aptitude aux fonctions d’animateur
12%
EHPAD Médecine/soins Établissement d’hébergement pour personnes âgées dépendantes
11%
FLNC Indépendantisme Front de libération nationale corse
11%
TAAF Territoires français Terres australes et antarctiques françaises
11%
FAMAS Militaire Fusil d’Assaut de la Manufacture d’Armes de Saint-Étienne
10%
GPL Énergie Gaz de pétrole liquéfié
10%
CNIL Informatique Commission nationale de l'informatique et des libertés
9%
OPA Finance Offre publique d'achat
9%
SFR Télécommunications Société française du radiotéléphone
9%
PACS Droit français Pacte civil de solidarité
8%
OCDE Économie Organisation de coopération et de développement économiques
7%
FIP Média France Inter Paris
6%
MEDEF Entreprise Mouvement des entreprises de France
6%
CROUS Enseignement supérieur Centre régional des œuvres universitaires et scolaires
5%
CAPES Enseignement Certificat d’aptitude au professorat de l’enseignement du second degré
5%
Aucun quiz correspondant
Distribution des résultats
% des personnes avec chaque résultat
Percentile par nombre de réponses
Votre historique - résultats
Vous n’avez pas pris ce quiz